[Event "Druzynowe Mistrzostwa Polski - II liga"]
[Site "Dom Wczasowy VIS Jastrzebia Gora"]
[Date "1899-12-30"]
[Round "6.47"]
[White "Giefert, Sara"]
[Black "Rejniak, Zuzanna"]
[Result "1/2-1/2"]
[WhiteTitle "I++"]
[BlackTitle "k"]
[WhiteElo "1682"]
[BlackElo "1834"]

1. e4 c5 2. Nf3 d6 3. c3 Nf6 4. h3 Nbd7 5. Bd3 b6 6. O-O Bb7 7. Re1 g6 8. Bc2 Bg7
9. d4 O-O 10. Bf4 Re8 11. Nbd2 e5 12. dxe5 Nxe5 13. Bxe5 dxe5 14. Nc4 Nh5 15.
Qxd8 Raxd8 16. Rad1 Rxd1 17. Rxd1 Ba6 18. Ne3 Nf6 19. Nd5 Nxd5 20. Rxd5 Bb5 21.
a4 Bc6 22. Rd6 Rc8 23. Nd2 Bf8 24. Rf6 Be7 25. Rf3 Rd8 26. Nc4 f6 27. Re3 Rb8
28. Re2 a6 29. Ne3 b5 30. axb5 axb5 31. Rd2 Rd8 32. Rxd8+ Bxd8 33. Nd5 Kf7 34.
Ne3 Ke6 35. Kf1 Kd6 36. Ke2 c4 37. b4 cxb3 38. Bxb3 Bxe4 39. f3 Bb1 40. Bg8 h6
41. Kd2 f5 42. Bf7 Bg5 43. Ke2 Bxe3 44. Kxe3 f4+ 45. Kf2 g5 46. g3 Bf5 47. h4
Be6 48. Bg6 Kc5 49. Bd3 Bc4 50. Bc2 Be6 51. Bd3 Bc4 52. Bc2 Bd5 53. hxg5 hxg5
54. gxf4 gxf4 55. Bd3 Bb3 56. Kg2 Bd1 57. Kf2 Kb6 58. Be4 Ka5 59. Ke1 Bb3 60.
Kd2 Ka4 61. Bc6 Bc4 62. Kc2 Ka5 63. Kd2 Kb6 64. Be4 Kc5 65. Bc2 Bd5 66. Bd1 Kc4
67. Be2+ Kb3 68. Bd1+ Kb2 69. Be2 Bc4 70. Bd1 Ka3 71. Kc1 Bd3 72. Kd2 e4 73. fxe4
Bxe4 74. Be2 Ka4 75. Bf1 Ka5 76. Ke1 Bc6 77. Kd2 Bd5 78. Kd1 Kb6 79. Ke1 Kc5 80.
Kd2 Bc6 81. Kd3 Kd5 82. Bg2+ Kd6 83. Bf1 Ke5 84. Ke2 Kd5 85. Kd3 Kc5 86. Kd2 Bd5
87. Ke1 Bc4 88. Bg2 Bd3 89. Kd1 Kd6 90. Ke1 Kc5 91. Kd1 Bf5 92. Bf3 Kd6 93. Kd2
Bg6 94. Ke2 Kc5 95. Ke1 Bf7 96. Bg2 Bd5 97. Bf1 f3 98. Kf2 Bc4 99. Bh3 Be2 100.
Be6 Bd1 101. Bf7 Kb6 102. Bd5 Kc5 103. Bf7 Be2 104. Be6 Kd6 105. Bf7 Ke5 106.
Be8 Ke4 107. Bg6+ Kf4 108. Be8 Bd3 109. Bc6 Be2 110. Be8 Ke4 111. Bg6+ Ke5 112.
Be8 Ke4 113. Bg6+ Kd5 114. Bf7+ Kc5 115. Be6 Bc4 116. Bf5 Bd5 117. Bd3 Bc6 118.
Bf1 Be4 119. Ke3 Bd5 120. Kf2 Kb6 121. Ke3 Ka5 122. Bd3 Ka4 123. Bf5 Bc6 124.
Bd3 Bd5 125. Bf5 Kb3 126. Bd7 Kc4 127. Be8 Be4 128. Bd7 Kxc3 129. Kxe4 1/2-1/2

[Event "Druzynowe Mistrzostwa Polski - II liga"]
[Site "Dom Wczasowy VIS Jastrzebia Gora"]
[Date "1899-12-30"]
[Round "6.48"]
[White "Goluch, Piotr"]
[Black "Zakrzewski, Marek"]
[Result "1/2-1/2"]
[WhiteTitle "IM"]
[BlackTitle "FM"]
[WhiteElo "2353"]
[BlackElo "2275"]

1. e4 c5 2. Nf3 d6 3. d4 cxd4 4. Nxd4 Nf6 5. Nc3 a6 6. Nb3 Nc6 7. Be2 e6 8. g4
b5 9. a3 h6 10. Be3 Bb7 11. f4 Na5 12. Bf3 Nc4 13. Bc1 Qc7 14. O-O Be7 15. Qe2
O-O-O 16. Nd2 d5 17. Nxc4 bxc4 18. e5 Nd7 19. Be3 g5 1/2-1/2

[Event "Druzynowe Mistrzostwa Polski - II liga"]
[Site "Dom Wczasowy VIS Jastrzebia Gora"]
[Date "1899-12-30"]
[Round "6.49"]
[White "Bajerlein, Dawid"]
[Black "Jankowiak, Tomasz"]
[Result "1/2-1/2"]
[WhiteTitle "k+"]
[BlackTitle "k"]
[WhiteElo "2072"]
[BlackElo "2195"]

1. d4 d5 2. c4 e6 3. Nc3 c6 4. Nf3 Nf6 5. Bg5 dxc4 6. e4 b5 7. e5 h6 8. Bh4 g5
9. Nxg5 hxg5 10. Bxg5 Nbd7 11. g3 Bb7 12. Bg2 Qb6 13. exf6 O-O-O 14. O-O c5 15.
d5 b4 16. Na4 Qa6 17. a3 Bxd5 18. Bf3 Be4 19. Bxe4 Ne5 20. Bd5 Rxd5 21. axb4 cxb4
22. Qe2 Qd6 23. Nc3 a5 24. Rxa5 bxc3 25. Ra8+ Kb7 26. Rfa1 Qb4 27. Rf1 Qd6 28.
Rfa1 Qb4 29. R1a7+ Kb6 30. Ra6+ 1/2-1/2

[Event "Druzynowe Mistrzostwa Polski - II liga"]
[Site "Dom Wczasowy VIS Jastrzebia Gora"]
[Date "1899-12-30"]
[Round "6.50"]
[White "Jankowiak, Piotr"]
[Black "Paczka, Patryk"]
[Result "1/2-1/2"]
[WhiteTitle "k"]
[BlackTitle "I+"]
[WhiteElo "2046"]
[BlackElo "1916"]

1. d4 Nf6 2. Bg5 d5 3. Bxf6 exf6 4. e3 f5 5. Nf3 Bd6 6. c4 dxc4 7. Bxc4 O-O 8.
O-O Nd7 9. Nc3 Nf6 10. Rc1 c6 11. Qb3 Qb6 12. Rfd1 Qxb3 13. Bxb3 Rd8 14. Ng5 Nd5
15. Nxd5 cxd5 16. f4 1/2-1/2

[Event "Druzynowe Mistrzostwa Polski - II liga"]
[Site "Dom Wczasowy VIS Jastrzebia Gora"]
[Date "1899-12-30"]
[Round "6.54"]
[White "Malek, Jan"]
[Black "Litner, Igor"]
[Result "1-0"]
[WhiteTitle "m"]
[BlackTitle "I++"]
[WhiteElo "2339"]
[BlackElo "1978"]

1. e4 d6 2. d4 Nf6 3. Nc3 e5 4. Nf3 Nbd7 5. Bc4 Be7 6. O-O O-O 7. a4 c6 8. Re1
Qc7 9. h3 b6 10. Ba2 a6 11. Nh4 exd4 12. Nf5 dxc3 13. Nxe7+ Kh8 14. Nf5 d5 15.
exd5 cxd5 16. Qd4 Qc5 17. Qf4 Re8 18. Be3 Re4 19. Qg3 Qd4 20. Bxd4 Nc5 21. Rxe4
Ncxe4 22. Qxg7# Kxg7 23. Bxd5+ cxb2 24. Bxb2+ Ra7 25. Bxe4+ Rd7 26. Ra3+ Rd6 27.
Rf3+ Bd7 28. g4+ h6 29. Rd3+ Rxd3 30. Bxd3+ Bxa4 31. h4+ a5 32. f4+ Bd7 33. g5+
hxg5 34. fxg5+ 1-0

[Event "Druzynowe Mistrzostwa Polski - II liga"]
[Site "Dom Wczasowy VIS Jastrzebia Gora"]
[Date "1899-12-30"]
[Round "6.55"]
[White "Szewczyk, Mariusz"]
[Black "Grabowski, Pawel"]
[Result "1-0"]
[WhiteTitle "k"]
[BlackTitle "FM"]
[WhiteElo "2058"]
[BlackElo "2253"]

1. e4 e5 2. Nf3 Nc6 3. Bc4 g6 4. d4 exd4 5. Nxd4 Bg7 6. Nxc6 bxc6 7. O-O Ne7 8.
Nc3 O-O 9. Be3 d6 10. Bd4 Be6 11. Bxg7 Kxg7 12. Bxe6 fxe6 13. e5 Nd5 14. Qe1 Qe7
15. Rd1 Rf5 16. exd6 cxd6 17. Ne4 Rd8 18. Qd2 Nf6 19. Ng3 Rd5 20. Qe2 Rxd1 21.
Rxd1 e5 22. Qa6 Qc7 23. Rd3 d5 24. Ra3 Rd7 25. Rc3 c5 26. Qb5 c4 27. b3 Qd8 28.
bxc4 d4 29. Rd3 e4 30. Rd1 d3 31. cxd3 exd3 32. Qe5 Rd4 33. c5 Qd5 34. Qe7+ Qf7
35. Qe3 Rd8 36. Rxd3 Ng4 37. Nf5+ Qxf5 38. Qe7+ Kh6 1-0

[Event "Druzynowe Mistrzostwa Polski - II liga"]
[Site "Dom Wczasowy VIS Jastrzebia Gora"]
[Date "1899-12-30"]
[Round "6.59"]
[White "Bebnik, Malgorzata"]
[Black "Wilk, Oktawia"]
[Result "1-0"]
[WhiteTitle "I++"]
[BlackTitle "I++"]
[WhiteElo "1846"]
[BlackElo "1821"]

1. e4 e6 2. d4 d5 3. Nc3 Nf6 4. Bg5 Be7 5. e5 Nfd7 6. h4 Bxg5 7. hxg5 Qxg5 8. Qd3
g6 9. Nf3 Qe7 10. O-O-O Nc6 11. Rh6 Nb6 12. Qe3 Bd7 13. Bd3 O-O-O 14. Rdh1 Nb4
15. Be2 f6 1-0

[Event "Druzynowe Mistrzostwa Polski - II liga"]
[Site "Dom Wczasowy VIS Jastrzebia Gora"]
[Date "1899-12-30"]
[Round "6.60"]
[White "Jaskolka, Tomasz"]
[Black "Kaczmarek, Aleksander"]
[Result "0-1"]
[WhiteTitle "CM"]
[BlackTitle "FM"]
[WhiteElo "2213"]
[BlackElo "2323"]

1. d4 Nf6 2. c4 e6 3. g3 c5 4. d5 exd5 5. cxd5 d6 6. Nc3 Be7 7. Bg2 O-O 8. Nf3
Na6 9. Nd2 Nc7 10. a4 Na6 11. Nc4 Nb4 12. O-O Re8 13. h3 Bf8 14. e4 b6 15. Bg5
h6 16. Bf4 Ba6 17. b3 g6 18. Qd2 Kh7 19. g4 Bxc4 20. bxc4 Nd7 21. Bg3 Ne5 22.
Qe2 Bg7 23. Ra3 g5 24. Nd1 Ng6 25. Rf3 Qd7 26. Rf5 Be5 27. f4 gxf4 28. Bxf4 Bxf4
29. R1xf4 Nxf4 30. Rxf4 Rg8 31. e5 Rae8 32. Be4+ Kg7 33. e6 fxe6 34. Qb2+ e5 35.
Ne3 Rgf8 36. Nf5+ Kh8 37. Rf1 Qxa4 38. Nxd6 Rxf1+ 39. Kxf1 Qd1+ 40. Kg2 Qe1 41.
Bf5 Rf8 42. Qa3 a5 43. Qa4 Nd3 44. Qc2 Nf4+ 45. Kf3 a4 46. Ne4 a3 47. Nc3 Qf1+
48. Ke4 Qxc4+ 49. Kxe5 Nxd5 50. Kd4 0-1

[Event "Druzynowe Mistrzostwa Polski - II liga"]
[Site "Dom Wczasowy VIS Jastrzebia Gora"]
[Date "1899-12-30"]
[Round "6.66"]
[White "Putlak, Wojciech"]
[Black "Bebel, Arkadiusz"]
[Result "0-1"]
[WhiteTitle "I++"]
[BlackTitle "FM"]
[WhiteElo "1994"]
[BlackElo "2253"]

1. Nf3 Nf6 2. c4 g6 3. g3 Bg7 4. Bg2 O-O 5. O-O d6 6. d4 Nc6 7. Nc3 e5 8. dxe5
Nxe5 9. Nxe5 dxe5 10. Qd3 Qd6 11. Qxd6 Rd8 12. Bg5 Rd7 13. Rfd1 c6 14. Rac1 h6
15. Be3 Bf8 16. Na4 0-1

[Event "Druzynowe Mistrzostwa Polski - II liga"]
[Site "Dom Wczasowy VIS Jastrzebia Gora"]
[Date "1899-12-30"]
[Round "6.67"]
[White "Solnicki, Michal"]
[Black "Brylowski, Marian"]
[Result "0-1"]
[WhiteTitle "k"]
[BlackTitle "I++"]
[WhiteElo "2144"]
[BlackElo "2065"]

1. d4 d5 2. Nf3 c5 3. e3 Nc6 4. Be2 Bf5 5. O-O e6 6. b3 Nf6 7. Bb2 Bd6 8. c4 O-O
9. Nc3 cxd4 10. exd4 Rc8 11. Rc1 Ne4 0-1

[Event "Druzynowe Mistrzostwa Polski - II liga"]
[Site "Dom Wczasowy VIS Jastrzebia Gora"]
[Date "1899-12-30"]
[Round "6.68"]
[White "Marszk, Kazimierz"]
[Black "Zysko, Jan"]
[Result "0-1"]
[WhiteTitle "k"]
[BlackTitle "k"]
[WhiteElo "1872"]
[BlackElo "2071"]

1. g3 e5 2. Bg2 d5 3. Nf3 Nc6 4. O-O Nf6 5. d3 e4 6. Ne5 Bd6 7. Nxc6 bxc6 8. c4
O-O 9. Nc3 h6 10. c5 Be7 11. f3 exf3 12. Bxf3 Bh3 0-1

[Event "Druzynowe Mistrzostwa Polski - II liga"]
[Site "Dom Wczasowy VIS Jastrzebia Gora"]
[Date "1899-12-30"]
[Round "6.70"]
[White "Grajczak, Adrian"]
[Black "Pettersson, Alexander"]
[Result "1-0"]
[WhiteTitle "I++"]
[BlackTitle "II+"]
[WhiteElo "1831"]
[BlackElo "1849"]

1. e4 c6 2. d4 d5 3. f3 Qb6 4. Nc3 dxe4 5. fxe4 e5 6. Nf3 exd4 7. Nxd4 Bc5 8. Na4
Qa5+ 9. c3 Be7 10. b4 Qe5 11. Bd3 Nf6 12. O-O O-O 13. Bf4 Qh5 14. Qc2 g6 15. Rae1
Nbd7 16. Re3 Nb6 17. Nxb6 axb6 18. Nf5 Bxf5 19. exf5 Nd5 20. Rh3 Qg4 21. Bh6 Rfe8
22. Be2 Bc5+ 23. bxc5 Rxe2 24. Rg3 Rxc2 25. Rxg4 Raxa2 26. c4 Ne7 27. f6 Nc8 28.
Rd1 1-0

[Event "Druzynowe Mistrzostwa Polski - II liga"]
[Site "Dom Wczasowy VIS Jastrzebia Gora"]
[Date "1899-12-30"]
[Round "6.71"]
[White "Kaniak, Monika"]
[Black "Baginskaite, Kamile"]
[Result "1/2-1/2"]
[WhiteTitle "k"]
[BlackTitle "WGM"]
[WhiteElo "1824"]
[BlackElo "2125"]

1. d4 Nf6 2. c4 e6 3. Nc3 Bb4 4. Bd2 d5 5. e3 O-O 6. Nf3 c5 7. a3 Bxc3 8. Bxc3
cxd4 9. Bxd4 Nc6 10. Rc1 Nxd4 11. Qxd4 Qa5+ 12. Qc3 Qxc3+ 13. Rxc3 b6 14. Bd3
dxc4 1/2-1/2

[Event "Druzynowe Mistrzostwa Polski - II liga"]
[Site "Dom Wczasowy VIS Jastrzebia Gora"]
[Date "1899-12-30"]
[Round "6.73"]
[White "Markowski, Damian"]
[Black "Zarnowski, Krzysztof"]
[Result "1-0"]
[WhiteTitle "FM"]
[BlackTitle "I++"]
[WhiteElo "2186"]
[BlackElo "2050"]

1. d4 d5 2. Bf4 c5 3. e3 Nc6 4. Nf3 Nf6 5. Nbd2 Bf5 6. c3 Qb6 7. Nh4 Bd7 8. Qb3
c4 9. Qc2 h6 10. Nhf3 g6 11. e4 Nxe4 12. Nxe4 dxe4 13. Nd2 Na5 14. Be5 f6 15.
Bg3 Rc8 16. Nxe4 Bg7 17. Nc5 Bf5 18. Qa4+ Rc6 19. b4 cxb3 20. axb3 O-O 21. Qxa5
Qxa5 22. Rxa5 b6 23. Bc4+ e6 24. Ra6 Rcc8 25. Na4 1-0

[Event "Druzynowe Mistrzostwa Polski - II liga"]
[Site "Dom Wczasowy VIS Jastrzebia Gora"]
[Date "1899-12-30"]
[Round "6.75"]
[White "Chalupnik, Marcin"]
[Black "Slezinski, Nikodem"]
[Result "1-0"]
[WhiteTitle "k++"]
[BlackTitle "I++"]
[WhiteElo "2135"]
[BlackElo "1985"]

1. e4 e5 2. Nf3 Nc6 3. Bb5 f5 4. Nc3 fxe4 5. Nxe4 Nf6 6. Qe2 d5 7. Nxf6+ gxf6 8.
d4 Bg7 9. dxe5 O-O 10. O-O Bg4 11. Bxc6 bxc6 12. e6 Re8 13. Qd3 c5 14. b3 Rxe6
15. Ba3 Bf8 16. h3 Bh5 17. Rfe1 Bg6 18. Qd2 Be4 19. Qf4 f5 20. Ng5 Rg6 21. Nxe4
fxe4 22. Rad1 c6 23. Bb2 Bd6 24. Be5 Bxe5 25. Qxe5 Qh4 26. Rxd5 Qxh3 27. Qxe4
Qxg2+ 28. Qxg2 Rxg2+ 29. Kxg2 cxd5 30. Re7 c4 31. bxc4 dxc4 32. Rc7 Rb8 33. Rxc4
Rb2 34. Ra4 Rxc2 35. Rxa7 Rc3 36. a4 Ra3 37. a5 Kf8 38. a6 Kg8 39. f3 Kf8 40.
Kg3 Ra4 41. f4 h5 42. f5 Kg8 43. f6 Rg4+ 44. Kh3 Ra4 45. Ra8+ Kf7 46. a7 Ra3+
47. Kh4 Ra4+ 48. Kxh5 Ra5+ 49. Kg4 Ra4+ 50. Kf3 Ra6 51. Rh8 Rxf6+ 52. Ke4 1-0

[Event "Druzynowe Mistrzostwa Polski - II liga"]
[Site "Dom Wczasowy VIS Jastrzebia Gora"]
[Date "1899-12-30"]
[Round "6.76"]
[White "Swider, Pawel"]
[Black "Rams, Michal"]
[Result "1-0"]
[WhiteTitle "I++"]
[BlackTitle "k+"]
[WhiteElo "1920"]
[BlackElo "2112"]

1. d4 g6 2. c4 Bg7 3. Nf3 d6 4. g3 Nf6 5. Bg2 O-O 6. O-O Nbd7 7. Nc3 c6 8. e4 e5
9. Qc2 Re8 10. Rd1 a5 11. h3 Qe7 12. d5 Nc5 13. Be3 cxd5 14. Bxc5 dxc5 15. cxd5
Bd7 16. a4 Rec8 17. Nd2 Ne8 18. Nc4 Rcb8 19. Bf1 Nd6 20. Nb6 Ra7 21. Kh2 Bf8 22.
Nc4 b6 23. Nxd6 Qxd6 24. Bb5 Re8 25. Ra3 Qb8 26. Rb3 Bxb5 27. Nxb5 Rd7 28. Na3
Bd6 29. Nc4 Rb7 30. Rb5 Qc7 31. Rd3 Reb8 32. Rdb3 f6 33. Kg2 Be7 34. d6 Bxd6 35.
Qd2 Qc6 36. Qd5+ Qxd5 37. exd5 Bf8 38. Nxb6 Rd8 39. Rxa5 Rxd5 40. Nxd5 Rxb3 41.
Nxf6+ Kg7 42. Ng4 Bd6 43. Rb5 Rxb5 44. axb5 e4 45. Kf1 Kf7 46. Ke2 Ke6 47. Kd2
Kd5 48. b3 Be7 49. Kc3 Bd8 50. Ne3+ Kd6 51. Kc4 Ba5 52. Nd5 Be1 53. Nf6 Ke5 54.
b6 1-0

[Event "Druzynowe Mistrzostwa Polski - II liga"]
[Site "Dom Wczasowy VIS Jastrzebia Gora"]
[Date "1899-12-30"]
[Round "6.77"]
[White "Bednarska-bzdega, Malgorzata"]
[Black "Hampel, Anna"]
[Result "1-0"]
[WhiteTitle "WFM"]
[BlackTitle "I++"]
[WhiteElo "1909"]
[BlackElo "1665"]

1. e4 c5 2. Nf3 e6 3. d4 cxd4 4. Nxd4 Nc6 5. Nc3 Qc7 6. Be2 a6 7. O-O Nf6 8. Kh1
Bb4 9. Nxc6 bxc6 10. f4 Bxc3 11. bxc3 Nxe4 12. Qd4 Nf6 13. Ba3 d5 14. Rab1 Rg8
15. Bd3 h5 16. Rfe1 Kd7 17. c4 Re8 18. Bc5 Ng4 19. h3 Nf6 20. Rb6 Bb7 21. Reb1
Rab8 22. cxd5 cxd5 23. Bd6 Qxd6 24. Rxd6+ Kxd6 25. Bxa6 Kc7 26. Qb6+ 1-0

[Event "Druzynowe Mistrzostwa Polski - II liga"]
[Site "Dom Wczasowy VIS Jastrzebia Gora"]
[Date "1899-12-30"]
[Round "6.78"]
[White "Nowak, Kamil"]
[Black "Panek, Bartosz"]
[Result "1-0"]
[WhiteTitle "m"]
[BlackTitle "k"]
[WhiteElo "2275"]
[BlackElo "2179"]

1. d4 Nf6 2. c4 e6 3. Nc3 d5 4. Nf3 c5 5. cxd5 Nxd5 6. e3 Nc6 7. Bd3 cxd4 8. exd4
Be7 9. O-O O-O 10. Re1 Bf6 11. Be4 b6 12. Qd3 h6 13. a3 Bb7 14. Bxd5 exd5 15.
Bf4 Qd7 16. Be5 Nxe5 17. Nxe5 Bxe5 18. Rxe5 Rfe8 19. Rae1 Rxe5 20. Rxe5 Re8 21.
Qe3 Rxe5 22. Qxe5 Bc6 23. h3 f6 24. Qb8+ Kf7 25. Kh2 Qb7 26. Qd6 Qd7 27. Qxd7+
Bxd7 28. Nxd5 Ke6 29. Nc3 Bc6 30. Kg3 Bd5 31. f3 Bc4 32. h4 g6 33. Kf4 g5+ 34.
Kg4 Bd3 35. Kh5 gxh4 36. Kxh4 Bg6 37. g4 f5 38. g5 h5 39. Ne2 Bf7 40. Nf4+ Kd6
41. g6 Bxg6 42. Nxg6 Kd5 1-0

[Event "Druzynowe Mistrzostwa Polski - II liga"]
[Site "Dom Wczasowy VIS Jastrzebia Gora"]
[Date "1899-12-30"]
[Round "6.79"]
[White "Bilczewski, Kacper"]
[Black "Stankiewicz, Pawel"]
[Result "1/2-1/2"]
[WhiteTitle "k+"]
[BlackTitle "k"]
[WhiteElo "2103"]
[BlackElo "2101"]

1. e4 c5 2. c3 Nf6 3. e5 Nd5 4. d4 cxd4 5. cxd4 d6 6. Nf3 Nc6 7. Bc4 Nb6 8. Bb5
dxe5 9. Nxe5 Bd7 10. Nxd7 Qxd7 11. Nc3 e6 12. O-O a6 13. Bxc6 Qxc6 14. Qg4 Nd5
15. Bg5 h5 16. Qh4 f6 17. Bd2 Kf7 18. Rac1 Bd6 19. Rfe1 Nxc3 20. Rxc3 Qd5 21.
Rec1 Rae8 22. a3 Qf5 23. Qh3 Qxh3 24. Rxh3 Rc8 25. Rhc3 Rxc3 26. Rxc3 Ke7 27.
h3 Kd7 28. Kf1 Rc8 29. Rxc8 Kxc8 30. Ke2 Kd7 31. Kd3 Kc6 32. a4 Kd5 33. f3 Bg3
34. Be3 f5 35. b3 g6 36. Bh6 Bc7 37. Bg7 Bg3 38. Bf6 Bc7 39. Bg7 Bb6 40. Bf6 Ba5
41. Bg7 Bb4 42. Bf6 Be1 43. Bg7 Bg3 44. Bf6 e5 45. dxe5 Bxe5 46. Bd8 Bd6 47. Bf6
Ke4+ 48. Kxe4 1/2-1/2

[Event "Druzynowe Mistrzostwa Polski - II liga"]
[Site "Dom Wczasowy VIS Jastrzebia Gora"]
[Date "1899-12-30"]
[Round "6.80"]
[White "Rychlik, Hanna"]
[Black "Samborski, Henryk"]
[Result "1/2-1/2"]
[WhiteTitle "k"]
[BlackTitle "k"]
[WhiteElo "2043"]
[BlackElo "2021"]

1. d4 Nf6 2. c4 g6 3. Nc3 Bg7 4. e4 d6 5. h3 O-O 6. Be3 e5 7. d5 a5 8. Bd3 Na6
9. Nge2 Kh8 10. g4 Ng8 11. Ng3 Bh6 12. Qd2 Bxe3 13. Qxe3 Qh4 14. O-O-O Bd7 15.
Rdg1 Nc5 16. Bb1 Nh6 17. f4 exf4 18. Qxf4 f6 19. Nd1 Nf7 20. Ne3 Ne5 21. Kd2 Rab8
22. Ne2 b5 23. cxb5 Rxb5 24. b3 Rb4 25. Nc3 Rd4+ 26. Ke2 Bc8 27. Ng2 Qg5 28. Ke3
Rb4 29. Rf1 Kg7 30. Rf2 Ba6 31. Bc2 Re8 32. Qxg5 fxg5 33. Ne1 Rbb8 34. Nf3 Nxf3
35. Rxf3 Rf8 36. Rxf8 Rxf8 37. a3 Rf1 38. Rh2 Ra1 39. Kd4 Rxa3 40. e5 Nxb3+ 41.
Bxb3 Rxb3 42. e6 Rb4+ 43. Ke3 Rb3 44. Kd4 Rb4+ 45. Ke3 Rb3 46. Kd4 1/2-1/2

[Event "Druzynowe Mistrzostwa Polski - II liga"]
[Site "Dom Wczasowy VIS Jastrzebia Gora"]
[Date "1899-12-30"]
[Round "6.81"]
[White "Radecki, Adam"]
[Black "Reichel, Lukasz"]
[Result "1-0"]
[WhiteTitle "I+"]
[BlackTitle "I"]
[WhiteElo "1989"]
[BlackElo "1887"]

1. e4 c5 2. d3 e5 3. g3 Nf6 4. Bg2 Nc6 5. Nc3 g6 6. Nge2 Bg7 7. O-O d6 8. h3 Be6
9. Be3 h5 10. Nd5 Qd7 11. Kh2 Nd4 12. Nxf6+ Bxf6 13. c3 Nxe2 14. Qxe2 O-O-O 15.
b4 b6 16. a4 cxb4 17. cxb4 d5 18. a5 d4 19. Bd2 b5 20. a6 Kb8 21. f4 Rc8 22. Qf3
Rhd8 23. Rfc1 Bg7 24. Rxc8+ Kxc8 25. fxe5 Bxe5 26. Bg5 Re8 27. Rc1+ Kb8 28. Bf6
Bxf6 29. Qf4+ Ka8 30. Qxf6 Rc8 31. Rxc8+ Qxc8 32. Qxd4 Qxa6 33. Qd8+ Qc8 34. Qd6
a6 35. Qb6 Qb7 36. e5 Bd5 37. Qd8+ Ka7 38. Qxd5 1-0

[Event "Druzynowe Mistrzostwa Polski - II liga"]
[Site "Dom Wczasowy VIS Jastrzebia Gora"]
[Date "1899-12-30"]
[Round "6.82"]
[White "Szmyd, Marek"]
[Black "Kubik, Rafal"]
[Result "1/2-1/2"]
[WhiteTitle "k"]
[BlackTitle "I++"]
[WhiteElo "1885"]
[BlackElo "2023"]

1. e4 c5 2. c4 d6 3. Nc3 g6 4. Nf3 e5 5. d3 Bg7 6. g3 Nc6 7. Bg2 Nge7 8. O-O O-O
9. Be3 Nd4 10. Qd2 Ne6 11. Ng5 Nxg5 1/2-1/2

[Event "Druzynowe Mistrzostwa Polski - II liga"]
[Site "Dom Wczasowy VIS Jastrzebia Gora"]
[Date "1899-12-30"]
[Round "6.83"]
[White "Stebel, Agata"]
[Black "Czaplewska, Klara"]
[Result "1-0"]
[WhiteTitle "k"]
[BlackTitle "k+"]
[WhiteElo "1885"]
[BlackElo "1866"]

1. e4 e5 2. Nf3 Nc6 3. Nc3 Nf6 4. Bb5 d6 5. Bxc6+ bxc6 6. d4 exd4 7. Nxd4 Bd7 8.
Qf3 c5 9. Nf5 Bxf5 10. exf5 Be7 11. Qc6+ Nd7 12. Nb5 O-O 13. Qxc7 Qxc7 14. Nxc7
Rab8 15. Nd5 Bd8 16. O-O Re8 17. Ne3 Bf6 18. Rb1 Nb6 19. Ng4 Re2 20. Nxf6+ gxf6
21. Bf4 Nc4 22. b3 Ne5 23. Rbc1 Rb4 24. Be3 Ng4 25. Rfe1 Rxe1+ 26. Rxe1 Nxe3 27.
fxe3 Kf8 28. e4 Rd4 29. Re2 Ke7 30. Kf2 Rd1 31. Ke3 Kd7 32. Rd2 Re1+ 33. Re2 Rd1
34. c4 a5 35. Rc2 Re1+ 36. Kf3 Rf1+ 37. Ke2 Rf4 38. Ke3 Rf1 39. Rf2 Re1+ 40. Kf3
Ke7 41. Re2 Rd1 42. Ke3 Rf1 43. Kd3 Rd1+ 44. Kc3 Kd7 45. Kb2 Kc6 46. Ka3 Rd3 47.
Ka4 Kb6 48. a3 Rd4 49. Re3 h5 50. Rh3 Rxe4 51. Rxh5 Rf4 52. g3 Rf2 53. g4 Rf4
54. Rh6 Rxg4 55. Rxf6 Rd4 56. Rxf7 d5 57. Rf6+ Kc7 58. Kb5 dxc4 59. bxc4 Rh4 60.
Kxc5 Rxh2 61. Rf7+ Kd8 62. Kb5 Rc2 63. a4 Rc3 64. f6 Ke8 65. Rc7 1-0

[Event "Druzynowe Mistrzostwa Polski - II liga"]
[Site "Dom Wczasowy VIS Jastrzebia Gora"]
[Date "1899-12-30"]
[Round "6.84"]
[White "Majocha, Piotr"]
[Black "Sopur, Lech"]
[Result "0-1"]
[WhiteTitle "I++"]
[BlackTitle "m"]
[WhiteElo "1975"]
[BlackElo "2411"]

1. c4 c5 2. Nf3 Nc6 3. d4 cxd4 4. Nxd4 Nf6 5. Nc3 g6 6. e4 d6 7. Be2 Nxd4 8. Qxd4
Bg7 9. Be3 O-O 10. Qd2 a5 11. O-O a4 12. Rab1 Qa5 13. Rfc1 Be6 14. f3 Rfc8 15.
b4 axb3 16. axb3 Qb4 17. Na4 Qxd2 18. Bxd2 Nd7 19. Be3 f5 20. Bd3 Rc6 21. c5 dxc5
22. exf5 Bxf5 23. Bxf5 gxf5 24. Nxc5 Nxc5 25. Rxc5 Re6 26. Bf2 Re2 27. Rxf5 Raa2
28. Bg3 Bd4+ 29. Kh1 Reb2 30. Rd1 Rxb3 31. h4 Bf6 32. Rf4 Rbb2 33. Rg4+ Kf7 34.
Bf4 Ra4 35. Bg3 b5 36. Rd5 Rxg4 37. fxg4 b4 38. g5 Bc3 39. Rb5 Ke6 40. h5 b3 41.
Kh2 Rb1 42. g6 hxg6 43. h6 b2 44. h7 Rd1 45. Be5 b1=Q 46. h8=Q Rh1+ 47. Kg3 Qd3+
0-1

[Event "Druzynowe Mistrzostwa Polski - II liga"]
[Site "Dom Wczasowy VIS Jastrzebia Gora"]
[Date "1899-12-30"]
[Round "6.85"]
[White "Miturova, Magdalena"]
[Black "Laszewicz, Pawel"]
[Result "1-0"]
[WhiteTitle "WIM"]
[BlackTitle "k"]
[WhiteElo "2219"]
[BlackElo "1995"]

1. Nf3 Nf6 2. g3 g6 3. b3 Bg7 4. Bb2 O-O 5. Bg2 d6 6. d4 e5 7. dxe5 Nfd7 8. c4
Nc6 9. Nc3 Ndxe5 10. Nxe5 Nxe5 11. O-O Re8 12. Qd2 Rb8 13. Rad1 Be6 14. Nd5 Bxd5
15. Bxd5 Qe7 16. Bd4 a6 17. Qb2 c6 18. Bg2 f6 19. e4 b5 20. f4 Nf7 21. Qc2 c5
22. Ba1 b4 23. Rde1 Kh8 24. Re3 Qc7 25. h4 Nh6 26. Bh3 Re7 27. g4 f5 28. Bxg7+
Kxg7 29. g5 Nf7 30. h5 Rbe8 31. h6+ Kg8 32. Bg2 fxe4 33. Rxe4 Rxe4 34. Bxe4 Qe7
35. Qb2 Qf8 36. Bd5 Re3 37. Qf6 Rd3 38. Re1 1-0

[Event "Druzynowe Mistrzostwa Polski - II liga"]
[Site "Dom Wczasowy VIS Jastrzebia Gora"]
[Date "1899-12-30"]
[Round "6.87"]
[White "Flis, Pawel"]
[Black "Machlowski, Slawomir"]
[Result "0-1"]
[WhiteTitle "CM"]
[BlackTitle "I+"]
[WhiteElo "1936"]
[BlackElo "2005"]

1. e4 e6 2. d4 d5 3. Bd3 dxe4 4. Bxe4 Nf6 5. Bf3 Nbd7 6. Ne2 Bd6 7. Bf4 O-O 8.
Bxd6 cxd6 9. O-O Qb6 10. Nbc3 e5 11. Qd3 Re8 12. Rad1 Nf8 13. Ng3 Ne6 14. dxe5
dxe5 15. Qb5 Nd4 16. Qxb6 Nxf3+ 17. gxf3 axb6 18. Rd6 Bd7 19. Rxb6 Bc6 20. Kg2
Red8 21. Re1 Rd2 22. Rxe5 Nd7 23. Rxc6 Nxe5 24. Rc7 Rxc2 25. Rxb7 Nc4 26. Na4
g6 27. b3 Ne3+ 28. Kh3 Rxf2 29. f4 Rxf4 30. Ne2 Rf3+ 31. Ng3 Ra5 32. Rb4 h5 33.
Kh4 Rf2 34. Ne4 Nf5+ 35. Kh3 Rxa2 36. Nac3 Ra1 37. Kg2 Kg7 38. Rb7 Ra7 39. Rb8
Re7 40. b4 Ra3 41. b5 Nh4+ 42. Kg1 f5 43. Nb1 Ra1 44. Nec3 Re1+ 45. Kf2 Rexb1
46. Nxb1 Rxb1 47. b6 g5 48. Ke3 f4+ 49. Kf2 g4 50. Rb7+ Kg6 51. Rb8 Rb2+ 52. Kf1
Nf5 53. b7 Kg7 54. Kg1 Nd6 0-1

[Event "Druzynowe Mistrzostwa Polski - II liga"]
[Site "Dom Wczasowy VIS Jastrzebia Gora"]
[Date "1899-12-30"]
[Round "6.88"]
[White "Szydelko, Michal"]
[Black "Strzelecki, Jerzy"]
[Result "1-0"]
[WhiteTitle "I++"]
[BlackTitle "k"]
[WhiteElo "1699"]
[BlackElo "1863"]

1. e4 e6 2. d4 d5 3. Nd2 c5 4. exd5 exd5 5. dxc5 Bxc5 6. Ngf3 Nf6 7. Bb5+ Bd7 8.
Bxd7+ Nbxd7 9. O-O O-O 10. Nb3 Qb6 11. Nxc5 Qxc5 12. Be3 Qc7 13. Qd3 a6 14. Rfd1
Rfe8 15. c3 Re4 16. h3 Rae8 17. Nd2 R4e7 18. Qd4 Qc6 19. Rac1 h6 20. Nf3 b5 21.
Qd3 Nc5 22. Bxc5 Qxc5 23. Nd4 Qc4 24. Qb1 Qc8 25. Nf5 Re6 26. Ne3 Re5 27. Rd4
Qe6 28. Qd3 Rd8 29. Rd1 Rd7 30. a4 Qc6 31. axb5 axb5 32. Rb4 Rb7 33. f4 Re4 34.
Nxd5 Rxb4 35. Nxb4 Qe6 36. Qd8+ Kh7 37. Qd3+ Kg8 38. Qd8+ Kh7 39. Qd3+ Kg8 40.
Qf3 Rd7 41. Rxd7 Qxd7 42. Qd3 Qa7+ 43. Kh2 Qf2 44. Qd8+ Kh7 45. Nd3 Qd2 46. Qd4
h5 47. Ne5 Qxb2 48. Nxf7 Qe2 49. Nd6 Kg6 50. Qc5 Qd3 51. Qg5+ Kh7 52. Nxb5 Ne4
53. Qxh5+ Kg8 54. Qe8+ Kh7 55. Qh5+ Kg8 56. Qg6 Qe3 57. Qg4 Nf2 58. Qc8+ Kh7 59.
Qf5+ Kh8 60. Nd6 Qxc3 61. Nf7+ Kg8 62. Ng5 Qf6 63. Qc8+ Qf8 64. Qe6+ Kh8 65. Qe3
Nd3 66. Ne6 Qd6 67. Qd4 Qxd4 68. Nxd4 Nxf4 69. Kg3 Nd5 70. Kf3 Kh7 71. Ke4 Nc3+
72. Kf5 Kh6 73. Ne6 Nd5 74. g4 Ne7+ 75. Kf4 Ng6+ 76. Kf5 Ne7+ 77. Ke5 Ng6+ 78.
Kd6 Nh4 79. Ke7 g6 80. Kf6 Nf3 81. Nf8 Nh4 82. g5+ Kh5 83. Ne6 Nf3 84. Nf4+ Kh4
85. Nxg6+ Kxh3 86. Nf4+ Kg4 87. g6 Ng5 88. g7 Kxf4 89. g8=Q 1-0